00252nam a2200097Ia 4500008004100000020001300041100002300054245002600077260003200103300001900135180205s9999 xx 000 0 und d a60955449 aKennedy, Robert F. aProfiles in courage / aUSAbHarper Perennialc2002 avii, 243 pages